00688nam a22002177a 45000010005000000030009000050050017000140080041000310200015000720400028000870820021001151000024001362450067001602500012002272600050002393000045002895040051003346500023003856500037004087000025004457522BD-DhUAP20210111124124.0210111s2004 ii a b 000 0 eng  a8120323505 aDLCcDLCdBD-DhUAPbeng00a658.8342 SCH223 aSchiffman, Leon G.  aConsumer behavior /cLeon G. Schiffman and Leslie Lazar Kanuk. a8th ed. aNew Delhi : bPrentice-Hall of India,cc2004. avarious pages :billustrations ;c26 cm. aIncludes bibliographical references and index. aConsumer behavior. aMotivation research (Marketing). aKanuk, Leslie Lazar.